Les villes françaises où il pleut le plus - Statistiques

Statistiques générales
  • Ce quiz a été pris 74 fois
  • Le résultat moyen est 16 sur 30
Statistiques - réponses
Villes Départements % Correct
Brest Finistère(29)
88%
Lyon Rhône(69)
88%
Dunkerque Nord(59)
78%
Grenoble Isère (38)
77%
Metz Moselle(57)
72%
Annecy Haute-Savoie(74)
71%
Dijon Côte-d'Or(21)
71%
Nancy Meurthe-et-Moselle(54)
71%
Bayonne Pyrénées-Atlantiques(64)
68%
Le havre Seine-Maritime(76)
68%
Quimper Finistère(29)
68%
Lorient Morbihan(56)
67%
Mulhouse Haut-Rhin(68)
67%
Rouen Seine-Maritime(76)
67%
Pau Pyrénées-Atlantiques(64)
65%
Clermont-Ferrand Puy-de-Dôme(63)
64%
Vannes Morbihan(56)
62%
Saint-Etienne Loire(42)
61%
Roubaix Nord(59)
55%
Limoges Haute-Vienne(87)
52%
Tourcoing Nord(59)
49%
Albi Tarn(81)
46%
Bourges Cher(18)
43%
Meaux Seine-et-Marne(77)
28%
Sevran Seine-Saint-Denis(93)
10%
Villeneuve-D'ascq Nord(59)
10%
Asnières-sur-Seine Hauts-de-Seine(92)
4%
Epinay-sur-Seine Seine-Saint-Denis(93)
4%
Cherbourg-en-Contentin Manche(50)
1%
Saint-Maur-des-Faussés Val-de-Marne(94)
0%
Aucun quiz correspondant
Distribution des résultats
% des personnes avec chaque résultat
Percentile par nombre de réponses
Votre historique - résultats
Vous n’avez pas pris ce quiz